|
|
|
|
| LEADER |
01119nam a2200277 a 4500 |
| 001 |
12345460 |
| 008 |
090614s2002 maua b 001 0 eng d |
| 010 |
|
|
|a 2001030661
|
| 020 |
|
|
|a 0072445068 (alk. paper)
|
| 020 |
|
|
|a 0071121129 (International ed.)
|
| 040 |
|
|
|a DLC
|c DLC
|d DLC
|
| 082 |
0 |
0 |
|a 658.4/08
|2 21
|
| 100 |
1 |
|
|a Post, James E.
|
| 245 |
1 |
0 |
|a Business and society :
|b corporate strategy, public policy, ethics /
|c James E. Post, Anne T. Lawrence, James Weber.
|
| 250 |
|
|
|a 10th ed.
|
| 260 |
|
|
|a Boston :
|b McGraw-Hill/Irwin,
|c c2002.
|
| 300 |
|
|
|a xxi, 634 p. :
|b col. ill. ;
|c 24 cm.
|
| 504 |
|
|
|a Includes bibliographical references (p. 620-624) and indexes.
|
| 541 |
1 |
|
|e 00014821
|
| 650 |
|
0 |
|a Social responsibility of business.
|
| 700 |
1 |
|
|a Lawrence, Anne T.
|
| 700 |
1 |
|
|a Weber, James,
|c S.J.
|
| 852 |
4 |
|
|a Ayesha Abed Library
|j General Shelf.
|
| 942 |
0 |
0 |
|0 1
|
| 999 |
|
|
|c 1621
|d 1621
|
| 952 |
|
|
|0 0
|1 0
|2 ddc
|4 0
|6 658_408000000000000_POS
|7 0
|9 1488
|a BRACUL
|b BRACUL
|c GEN
|d 2009-06-28
|g 0.00
|l 7
|m 16
|o 658.408 POS
|p 3010014821
|q 2026-05-20
|r 2026-03-30
|s 2026-03-30
|t 1
|w 2009-06-28
|y BK
|x No price found in the accession register.
|